000 01769nam a2200337 a 4500
001 BRCA_3496
005 20190320204317.0
008 150709s2002----u--a######---#000-0#eng-#
020 _a0890901074
041 _aengspa
044 _au
050 4 _aN6553
_b.G73 2002
245 1 0 _aThe Grandeur of Viceregal Mexico
_bTreasures from the Museo Franz Mayer = La grandeza del México virreinal : tesoros del Museo Franz Mayer
_cby Héctor Rivero Borrell Miranda ... [et al.] ; with a foreword by Héctor Rivero Borrell Miranda and Peter C. Marzio.
260 _aHouston, Tex. ; México
_bMuseum of Fine Arts : Museo Franz Mayer
_c2002
300 _axi, 367 p.
_bil. (algunas a color)
_c31 cm.
500 _aIncluye índice analítico
500 _aCatálogo de la exposición realizada en The Museum of Fine Arts (Houston), 24 marzo - 4 agosto, 2002, en The Henry Francis du Pont Winterthur Museum (Delaware), 19 octubre, 2002 - 12 enero, 2003 y en The San Diego Museum of Art, 9 marzo - 25 mayo, 2003
500 _aIncluye 133 fotografías descritas de piezas representativas del museo
500 _aLa biblioteca cuenta con 3 ejemplares: ej.1 encuadernado, enero 2013; ej.3 donado por Elsa Barberena y se encuentra en el L. 68
504 _aBibliografía: p. 363-364
546 _aTexto en: inglés y español
610 2 4 _aMuseo Franz Mayer (Ciudad de México)
_vExposiciones
_99095
650 1 4 _aArte colonial
_vExposiciones
_zMéxico
_93637
650 1 4 _aArte
_vExposiciones
_zMéxico
_93600
650 1 4 _aArtes decorativas
_vExposiciones
_zMéxico
_99096
700 1 _aRivero Borrell M., Héctor
_99097
700 1 _aMarzio, Peter
_99098
710 2 _aThe Museum of Fine Arts, Houston
_99099
740 0 _aLa grandeza del México virreinal
942 _2lcc
_cB
999 _c3231
_d3231